Tuyển tập truyện ngắn /
Sách giới thiệu những truyện ngắn hay của nhà văn Mỹ nổi tiếng O. Henry.
Sparad:
| Huvudupphovsman: | |
|---|---|
| Övriga upphovsmän: | |
| Materialtyp: | Bok |
| Språk: | Vietnamese English |
| Publicerad: |
Hà Nội :
Hội nhà văn,
2000.
|
| Ämnen: | |
| Taggar: |
Lägg till en tagg
Inga taggar, Lägg till första taggen!
|
| Thư viện lưu trữ: | Mạng thư viện Đại học Đà Nẵng |
|---|
| LEADER | 01070cam a2200385 i 4500 | ||
|---|---|---|---|
| 001 | 000046508 | ||
| 003 | 6005 | ||
| 005 | 20030911084930.0 | ||
| 008 | 010307b2000 vm 000 vie | ||
| 020 | |c 53000 | ||
| 040 | |a IRC |c IRC |d IRC | ||
| 041 | 1 | |a vie |h eng | |
| 082 | 1 | 4 | |a 813 |b HE-O |
| 100 | 1 | |a Henry, O. | |
| 245 | 0 | 0 | |a Tuyển tập truyện ngắn / |c O. Henry ; Diệp Minh Tâm dịch. |
| 260 | |a Hà Nội : |b Hội nhà văn, |c 2000. | ||
| 300 | |a 567tr. ; |c 19cm. | ||
| 520 | 3 | |a Sách giới thiệu những truyện ngắn hay của nhà văn Mỹ nổi tiếng O. Henry. | |
| 630 | 0 | 4 | |a Văn học. |
| 630 | 0 | 4 | |a Truyện ngắn. |
| 630 | 0 | 4 | |a Văn học Mỹ. |
| 630 | 0 | 4 | |a O. Henry. |
| 650 | 0 | 4 | |a Truyện ngắn Hoa Kỳ. |
| 650 | 0 | 4 | |a Tiểu thuyết Hoa Kỳ. |
| 700 | 1 | |a Diệp Minh Tâm, |e dịch. | |
| OWN | |a DUT | ||
| 999 | |a From the UDN01 | ||
| TYP | |a Monograph | ||
| TYP | |a Printed language | ||
| 980 | |a Mạng thư viện Đại học Đà Nẵng | ||